Awhām shuʻarāʼ al-ʻArab fī al-maʻānī /

Saved in:

Main Author: Taymūr, Aḥmad, 1871-1930 (Author)

Format: Book

Language: Arabic

Published: al-Qāhirah : Lajnat Nashr al-Muʾallafāt al-Taymūrīyah, 1950.

Edition: al-Ṭabʻah 1.

Subjects:

Tags: Add Tag

No Tags, Be the first to tag this record!

Call Number: PJ7631 .T28 1950

LEADER 01390nam a2200253Ia 4500
003 OSt
005 20231017110712.0
008 130303s1950 ua cf b 001 0 ara d
952 |0 0  |1 0  |2 lcc  |4 0  |6 PJ7631 T28 01950  |7 1  |9 50705  |a ARCE  |b ARCE  |d 2023-10-17  |l 0  |o PJ7631 .T28 1950  |p 1019391  |r 2023-10-17 00:00:00  |w 2023-10-17  |y BK 
999 |c 27543  |d 27543 
010 |a 83962056 
040 |c ARCE Library 
050 4 |a PJ7631 .T28 1950 
100 1 |6 880-01  |a Taymūr, Aḥmad,  |d 1871-1930,  |e author 
245 1 0 |6 880-02  |a Awhām shuʻarāʼ al-ʻArab fī al-maʻānī /   |c bi-qalam Aḥmad Taymūr Bāshā. 
250 |a al-Ṭabʻah 1. 
264 1 |a al-Qāhirah :   |b Lajnat Nashr al-Muʾallafāt al-Taymūrīyah,   |c 1950. 
300 |a 23, 111 pages, [6] leaves of plates :   |b portraits ;   |c 24 cm. 
504 |a Includes bibliographical references and index. 
650 0 |a Arabic poetry  |x History and criticism. 
880 1 |6 100-01/(3/r  |a تيمور، أحمد،‪‪‪‪‪‪‪‪‪‪‪‪‪‪‪‪‪‪‪‪‪‪‪‪‪‪‪‪‪‪‪‪‪‪‪‪‪‪‪‪‪‪‪‪‪‪‪  |d 1871-1930. 
880 1 0 |6 245-02/(3/r  |a أوهام شعراء العرب في المعاني   |c بقلم أحمد تيمور باشا.‪‪‪‪‪‪‪‪‪‪‪‪‪‪‪‪‪‪‪‪‪‪‪‪‪‪‪‪‪‪‪‪‪‪‪‪‪‪‪‪‪‪‪‪‪‪‪ 
901 |a reviewed 
942 |c BK  |2 lcc